000 00700nam a2200289Ia 4500
005 20260324140515.0
008 008 260324s9999 xx 000 0 eng d
020 _a9780203763650
037 _aEBOOK
040 _aCRL
040 _beng
040 _cCRL
041 _2eng
041 _aeng
084 _qCRL
100 _aRobert S. Wyer, Jr.
_91192279
245 0 _aStereotype Activation and Inhibition
245 0 _bAdvances in Social Cognition, Volume XI
260 _bTaylor and Francis
260 _c1998
365 _a
365 _b185
856 _uhttp://www.taylorfrancis.com/books/9780203763650
942 _cEBOOK
999 _c1806818
_d1806818